[Event "Isle of Man Open"]
[Site "Douglas"]
[Date "27.10.2018"]
[Round "8.39"]
[White "Tarjan, James"]
[Black "Shyam, Sundar M."]
[Result "0-1"]
[WhiteTitle "GM"]
[BlackTitle "GM"]
[WhiteElo "2404"]
[BlackElo "2505"]
[WhiteFideId "2000180"]
[BlackFideId "5019141"]
[EventDate "2018.10.20"]

1. c4 e5 2. g3 Nc6 3. Bg2 f5 4. Nc3 Nf6 5. b3 g6 6. Bb2 Bg7 7. e3 d5 8. Nxd5
Nxd5 9. cxd5 Nb4 10. d3 O-O 11. a3 e4 12. axb4 Bxb2 13. dxe4 Bc3+ 14. Kf1 Bxa1
15. Qxa1 fxe4 16. Bxe4 Qf6 17. Qxf6 Rxf6 18. Kg2 Rb6 19. Nf3 Rxb4 20. Nd4 Bd7
21. Rc1 Rc8 22. Ra1 a6 23. f3 Kg7 24. Kf2 Rb6 25. Rc1 Kf6 26. Ke2 c5 27. dxc6
bxc6 28. Rc5 Ke7 29. Kd2 Kd6 30. Ra5 c5 31. Ne2 Be6 32. Nc1 c4 33. b4 c3+ 34.
Kc2 Rxb4 35. Rxa6+ Ke7 36. Nd3 Bb3+ 37. Kc1 Ra4 38. Rxa4 Bxa4 39. Nf4 Kd6 40.
Bc2 Bc6 41. e4 Ke5 42. Bb3 Kd4 43. Kc2 Ke3 44. Nd5+ Kxf3 45. e5 Re8 46. Nf6 Rxe5
47. Kxc3 Re7 48. Kd4 Kg2 49. Kc5 Bf3 50. Kd6 Rb7 51. Bg8 h5 52. Bh7 g5 53. h4
gxh4 54. gxh4 Kg3 55. Ke5 Rb5+ 56. Kd4 Kxh4 57. Ke3 Kg3 0-1

[Event "Isle of Man Open"]
[Site "Douglas"]
[Date "27.10.2018"]
[Round "8.40"]
[White "Vishnu Prasanna, V"]
[Black "Tania, Sachdev"]
[Result "1-0"]
[WhiteTitle "GM"]
[BlackTitle "IM"]
[WhiteElo "2504"]
[BlackElo "2400"]
[WhiteFideId "5030692"]
[BlackFideId "5007844"]
[EventDate "2018.10.20"]

1. e4 e5 2. Nf3 Nc6 3. Bb5 g6 4. d4 exd4 5. c3 a6 6. Ba4 Bg7 7. cxd4 b5 8. Bc2
d6 9. d5 Nce7 10. a4 Bd7 11. O-O Nf6 12. Nc3 O-O 13. Re1 b4 14. Ne2 c6 15. dxc6
Bxc6 16. Ng3 Ng4 17. Bb3 Ne5 18. Nxe5 dxe5 19. Bg5 Ra7 20. Rc1 Rd7 21. Qg4 Qb6
22. a5 Qb7 23. Re3 Rc7 24. Rce1 Bd7 25. Qh4 Nc6 26. Nf5 Bxf5 27. exf5 Nxa5 28.
fxg6 hxg6 29. Rh3 Rfc8 30. Bf6 1-0

[Event "Isle of Man Open"]
[Site "Douglas"]
[Date "27.10.2018"]
[Round "8.41"]
[White "Bulmaga, Irina"]
[Black "Anurag, Mhamal"]
[Result "1/2-1/2"]
[WhiteTitle "IM"]
[BlackTitle "GM"]
[WhiteElo "2402"]
[BlackElo "2495"]
[WhiteFideId "13903063"]
[BlackFideId "5024366"]
[EventDate "2018.10.20"]

1. e4 e5 2. Nf3 Nc6 3. Bb5 Nf6 4. O-O Nxe4 5. Re1 Nd6 6. Nxe5 Be7 7. Bf1 Nxe5 8.
Rxe5 O-O 9. d4 Bf6 10. Re1 Re8 11. Rxe8+ Nxe8 12. c3 d5 13. Bd3 g6 14. Nd2 Ng7
15. Nf3 c6 16. Bf4 Bf5 17. Qc2 Bxd3 18. Qxd3 Qb6 19. Qd2 Re8 20. Be5 Bd8 21. Re1
f6 22. Bg3 Rxe1+ 23. Nxe1 Qa6 24. a3 Nf5 25. Nd3 Be7 26. Qe2 Kf7 27. Bb8 Bd6 28.
Bxd6 Nxd6 29. f3 h5 30. Kf2 Qc4 31. Qe3 Qb3 32. Qe2 Nc4 33. Kg3 Qb6 34. Nc5 Qc7+
35. Kf2 Qe7 36. Qxe7+ Kxe7 37. Nxb7 Nxb2 38. Ke2 Nc4 39. a4 g5 40. Nc5 Kd6 41.
g3 Ke7 42. Nd3 Ke6 43. Nc5+ Kf5 44. Nb7 Nb2 45. Nc5 g4 46. a5 gxf3+ 47. Kxf3 Nc4
48. a6 Nd2+ 49. Ke3 Nf1+ 50. Kf2 Nxh2 51. Nd3 Ke6 52. Nf4+ Ke7 53. Nxh5 Ng4+ 54.
Kf3 Nh6 55. Kf4 Nf7 56. Ng7 Ng5 57. Nf5+ Ke6 58. Ne3 Ne4 59. c4 Nc3 60. cxd5+
cxd5 61. Nc2 f5 62. Nb4 Ne2+ 63. Ke3 Nxg3 64. Nc6 Kd6 65. Nxa7 Kc7 66. Nb5+ Kb6
67. a7 Kb7 68. Nc3 Kxa7 69. Nxd5 f4+ 1/2-1/2

[Event "Isle of Man Open"]
[Site "Douglas"]
[Date "27.10.2018"]
[Round "8.42"]
[White "Houska, Jovanka"]
[Black "Swapnil, S. Dhopade"]
[Result "0-1"]
[WhiteTitle "IM"]
[BlackTitle "GM"]
[WhiteElo "2402"]
[BlackElo "2493"]
[WhiteFideId "405094"]
[BlackFideId "5019184"]
[EventDate "2018.10.20"]

1. Nf3 Nf6 2. g3 d5 3. Bg2 c6 4. b3 Bg4 5. Bb2 Nbd7 6. d3 e6 7. Nbd2 Bd6 8. h3
Bh5 9. e4 e5 10. O-O O-O 11. Re1 Re8 12. Nf1 Qc7 13. Ne3 dxe4 14. dxe4 Bb4 15.
c3 Bf8 16. Qc2 Nc5 17. Nf5 Rad8 18. Ba3 Bxf3 19. Bxf3 Ncxe4 20. Bxf8 Rd2 21. Bd6
Qb6 22. Qxd2 Nxd2 23. Bg2 e4 24. Rad1 Nf3+ 25. Bxf3 exf3 26. Be5 h5 27. Nxg7
Rxe5 28. Rxe5 Kxg7 29. Rd4 Qa6 30. Rd2 Qa3 31. Rd3 Qc1+ 32. Kh2 Ng4+ 33. hxg4
hxg4 34. Re4 Qh6+ 35. Kg1 Qh3 0-1

[Event "Isle of Man Open"]
[Site "Douglas"]
[Date "27.10.2018"]
[Round "8.43"]
[White "Harsha, Bharathakoti"]
[Black "Hemant, Sharma2"]
[Result "1/2-1/2"]
[WhiteTitle "IM"]
[BlackTitle "IM"]
[WhiteElo "2492"]
[BlackElo "2393"]
[WhiteFideId "5078776"]
[BlackFideId "5025842"]
[EventDate "2018.10.20"]

1. d4 d5 2. c4 e6 3. Nf3 Nf6 4. Bg5 Be7 5. e3 h6 6. Bxf6 Bxf6 7. Qc2 c6 8. Nc3
Nd7 9. a3 Qe7 10. Rd1 O-O 11. Bd3 Nb6 12. cxd5 exd5 13. Bh7+ Kh8 14. Bf5 Bxf5
15. Qxf5 Nc4 16. Qc2 g6 17. O-O Bg7 18. Ne2 Rae8 19. Rfe1 Nd6 20. Nf4 a6 21. Rc1
Kg8 22. Nd3 Qe4 23. Nd2 Qe7 24. b4 h5 25. a4 h4 26. h3 Qd8 27. Qd1 Re6 28. Nc5
Ree8 29. Qg4 Re7 30. Qxh4 Rxe3 31. Qxd8 Rxe1+ 32. Rxe1 Rxd8 33. Ndb3 b6 34. Nd3
Kf8 35. Ne5 Bxe5 36. Rxe5 Ne4 37. f3 Rd6 38. Nc5 bxc5 39. bxc5 Nxc5 40. dxc5 Re6
41. Rxe6 fxe6 42. h4 1/2-1/2

[Event "Isle of Man Open"]
[Site "Douglas"]
[Date "27.10.2018"]
[Round "8.44"]
[White "Seul, Georg"]
[Black "Batsiashvili, Nino"]
[Result "1-0"]
[WhiteTitle "IM"]
[BlackTitle "GM"]
[WhiteElo "2402"]
[BlackElo "2482"]
[WhiteFideId "4601653"]
[BlackFideId "13602993"]
[EventDate "2018.10.20"]

1. e4 c6 2. d4 d5 3. e5 c5 4. dxc5 e6 5. a3 Bxc5 6. Nf3 Ne7 7. b4 Bb6 8. Bb2 a5
9. c4 axb4 10. axb4 Rxa1 11. Bxa1 O-O 12. c5 Bc7 13. Bd3 Ng6 14. O-O Nc6 15.
Bxg6 fxg6 16. b5 Ne7 17. Nbd2 Bd7 18. Qb3 h6 19. h4 Qe8 20. c6 bxc6 21. b6 Bb8
22. Bd4 g5 23. hxg5 hxg5 24. Nxg5 Qh5 25. f4 Ng6 26. Qe3 Rf5 27. g3 Qg4 28. Kh2
Qh5+ 29. Nh3 Bc8 30. Nf3 Bb7 31. Bc5 Qg4 32. Nf2 Qh5+ 33. Kg2 Nxf4+ 34. gxf4
Qg6+ 35. Kh2 Rh5+ 36. Nh3 Ba6 37. Rg1 Qc2+ 38. Rg2 Qd1 39. Rg1 Qc2+ 40. Qf2 Qh7
41. Rg3 Qe4 42. Nd4 Bxe5 43. fxe5 Qxe5 44. Nxc6 1-0

[Event "Isle of Man Open"]
[Site "Douglas"]
[Date "27.10.2018"]
[Round "8.45"]
[White "Rahul, Srivatshav P"]
[Black "Gormally, Daniel W"]
[Result "0-1"]
[WhiteTitle "IM"]
[BlackTitle "GM"]
[WhiteElo "2395"]
[BlackElo "2482"]
[WhiteFideId "25059653"]
[BlackFideId "406465"]
[EventDate "2018.10.20"]

1. d4 d5 2. Bf4 Nf6 3. e3 e6 4. Nd2 Bd6 5. Bg3 O-O 6. Ngf3 b6 7. Bd3 c5 8. c3
Bb7 9. Qe2 Nc6 10. Rd1 h6 11. Ne5 Qc7 12. f4 Ne7 13. Bh4 Ne4 14. Qf3 cxd4 15.
exd4 f6 16. Nxe4 dxe4 17. Bxe4 Bxe4 18. Qxe4 fxe5 19. fxe5 Ba3 20. Qc2 Nd5 21.
Bf2 Be7 22. O-O Bg5 23. Qe2 Rxf2 24. Kxf2 Ne3 25. Kg3 Qc6 26. h4 Nxf1+ 27. Rxf1
Be7 28. Qh5 Rf8 29. Rxf8+ Bxf8 30. Qe2 b5 31. Qd3 Qc4 32. Qxc4 bxc4 33. Kf3 Kf7
34. h5 Ke8 35. Ke4 Kd7 36. b3 cxb3 37. axb3 Kc6 38. g4 Be7 39. Kd3 Kb5 40. Kc2
Bh4 41. Kd2 a5 42. Kc2 Bg3 43. Kd2 a4 44. bxa4+ Kxa4 45. Ke2 Ka3 46. Kd3 Kb3 47.
d5 Bxe5 48. dxe6 Bf6 49. Ke4 Kxc3 50. Kf5 Kd4 51. g5 Bxg5 52. Kg6 Ke5 0-1

[Event "Isle of Man Open"]
[Site "Douglas"]
[Date "27.10.2018"]
[Round "8.46"]
[White "Darini, Pouria"]
[Black "Hoefelsauer, Thomas"]
[Result "1-0"]
[WhiteTitle "GM"]
[BlackTitle "FM"]
[WhiteElo "2475"]
[BlackElo "2380"]
[WhiteFideId "12502200"]
[BlackFideId "24668842"]
[EventDate "2018.10.20"]

1. e4 c6 2. Nf3 d5 3. Nc3 Nf6 4. e5 Ne4 5. Ne2 Qb6 6. d4 e6 7. Ng3 c5 8. Bd3
Nxg3 9. hxg3 Bd7 10. dxc5 Bxc5 11. Qe2 h6 12. c3 a5 13. Rb1 Nc6 14. g4 O-O-O 15.
b4 axb4 16. Bd2 Qa5 17. cxb4 Bxb4 18. O-O Bxd2 19. Nxd2 f6 20. Rfc1 fxe5 21. Nb3
Qa7 22. Nc5 e4 23. Nxb7 Kc7 24. Qb2 Rdf8 25. Bf1 d4 26. Qb4 Qxa2 27. Qb6+ Kc8
28. Nd6# 1-0

[Event "Isle of Man Open"]
[Site "Douglas"]
[Date "27.10.2018"]
[Round "8.47"]
[White "Guramishvili, Sopiko"]
[Black "Cramling, Pia"]
[Result "1/2-1/2"]
[WhiteTitle "IM"]
[BlackTitle "GM"]
[WhiteElo "2378"]
[BlackElo "2465"]
[WhiteFideId "13602888"]
[BlackFideId "1700030"]
[EventDate "2018.10.20"]

1. d4 Nf6 2. c4 e6 3. Nc3 Bb4 4. Qc2 O-O 5. Nf3 d5 6. a3 Bxc3+ 7. Qxc3 b6 8. Bg5
dxc4 9. Qxc4 Ba6 10. Qc2 Nbd7 11. Rd1 Qc8 12. g3 c5 13. Bg2 Bb7 14. dxc5 Qxc5
15. Qxc5 Nxc5 16. O-O Rfc8 17. Bxf6 gxf6 18. Rd4 Nb3 19. Rb4 Nc1 20. Re1 Rc5 21.
h3 Rac8 22. Kh2 f5 23. Rd4 R8c7 24. Rd8+ Kg7 25. Nd4 Bxg2 26. Kxg2 Kf6 27. b4
Re5 28. e3 Rc3 29. Rd7 a5 30. Rd1 axb4 31. axb4 Nd3 32. b5 Nc5 33. Rc7 Rd5 34.
Rc6 Na4 35. Ra1 Rxc6 36. bxc6 Nc3 37. Ra6 Rc5 38. Rxb6 Nd5 39. Rb5 Rc4 40. h4 h6
41. Ra5 Rc1 42. Ra7 e5 43. Nf3 Ke6 44. Ra8 f6 45. Rh8 Rxc6 46. Rxh6 Rc2 47. Kf1
Rc1+ 48. Kg2 Rc2 49. Kf1 Rc1+ 50. Kg2 1/2-1/2

[Event "Isle of Man Open"]
[Site "Douglas"]
[Date "27.10.2018"]
[Round "8.48"]
[White "Serarols Mabras, Bernat"]
[Black "Cornette, Deimante"]
[Result "1/2-1/2"]
[WhiteTitle "FM"]
[BlackTitle "IM"]
[WhiteElo "2367"]
[BlackElo "2462"]
[WhiteFideId "2238276"]
[BlackFideId "12802859"]
[EventDate "2018.10.20"]

1. d4 Nf6 2. c4 e6 3. g3 c5 4. Nf3 cxd4 5. Nxd4 d5 6. Bg2 e5 7. Nf3 d4 8. O-O
Nc6 9. e3 Be7 10. exd4 exd4 11. Bf4 O-O 12. Re1 Be6 13. Ne5 Rc8 14. Nd2 Nd7 15.
Ndf3 Ndxe5 16. Nxe5 Bf6 17. b3 Qa5 18. Nd3 Be7 19. Bd2 Qd8 20. Nf4 Bf5 21. Nd5
Bd6 22. Be4 Qd7 23. Bf4 Bxf4 24. Nxf4 Bxe4 25. Rxe4 Rfe8 26. Rxe8+ Rxe8 27. Nd3
Qf5 28. Kg2 h6 29. Qf3 Qa5 30. Qd1 Re7 31. a3 Qd8 32. Qf3 Qe8 33. Ra2 Re6 34. b4
Rf6 35. Re2 Re6 36. Rxe6 Qxe6 37. Qd5 Kf8 38. Nc5 Qxd5+ 39. cxd5 Ne5 40. Nxb7
Ke7 41. a4 Kd7 42. Na5 Kd6 43. f4 Nd3 44. Nc6 Kxd5 45. b5 Nb2 46. Kf2 Ke4 47.
Nxa7 d3 48. b6 d2 49. Nb5 Nxa4 50. b7 d1=Q 51. b8=Q Qd2+ 52. Kg1 Qd5 53. Nd6+
Ke3 54. Qb4 Nc5 55. Qe1+ Kf3 56. Qf1+ Kg4 57. Qe2+ Kh3 58. Qf1+ Kg4 59. Qe2+ Kh3
60. Qf1+ 1/2-1/2

[Event "Isle of Man Open"]
[Site "Douglas"]
[Date "27.10.2018"]
[Round "8.49"]
[White "Karavade, Eesha"]
[Black "Prithu, Gupta"]
[Result "0-1"]
[WhiteTitle "IM"]
[BlackTitle "IM"]
[WhiteElo "2374"]
[BlackElo "2458"]
[WhiteFideId "5012600"]
[BlackFideId "46618546"]
[EventDate "2018.10.20"]

1. d4 Nf6 2. c4 e6 3. Nc3 Bb4 4. Qc2 d5 5. cxd5 exd5 6. Bg5 O-O 7. Nf3 h6 8. Bh4
c5 9. dxc5 g5 10. Bg3 Ne4 11. e3 Nd7 12. Bd6 Qa5 13. Bxf8 Nxc3 14. bxc3 Bxc3+
15. Kd1 Bxa1 16. Bxh6 Nxc5 17. Bd3 Nxd3 18. Qxd3 Bd7 19. Nd2 Rc8 20. Bxg5 Qa4+
21. Nb3 Qxa2 22. Nd2 Qa4+ 0-1

[Event "Isle of Man Open"]
[Site "Douglas"]
[Date "27.10.2018"]
[Round "8.50"]
[White "Lubbe, Nikolas"]
[Black "Kulkarni, Rakesh"]
[Result "1-0"]
[WhiteTitle "IM"]
[WhiteElo "2447"]
[BlackElo "2297"]
[WhiteFideId "4694031"]
[BlackFideId "5037077"]
[EventDate "2018.10.20"]

1. d4 Nf6 2. Nf3 c5 3. d5 b5 4. c4 g6 5. cxb5 a6 6. bxa6 Bxa6 7. Nc3 Bg7 8. e4
Bxf1 9. Kxf1 d6 10. h3 O-O 11. Kg1 Nbd7 12. Kh2 Qa5 13. Re1 Rfb8 14. Re2 Nb6 15.
e5 Nfd7 16. e6 fxe6 17. dxe6 Ne5 18. Nxe5 Bxe5+ 19. Rxe5 dxe5 20. Bh6 Nc4 21.
Nd5 Qa7 22. Qe2 Nd6 23. Qxe5 Nf5 24. Bg5 Rf8 25. Rd1 h6 26. Nxe7+ Nxe7 27. Rd7
Qb8 28. Qxb8 Raxb8 29. Bxe7 Rxf2 30. Bxc5 Rfxb2 31. Bd4 R2b7 32. Bf6 Rb6 33.
Rg7+ Kf8 34. e7+ Ke8 35. Rg8+ Kf7 36. Rd8 1-0

[Event "Isle of Man Open"]
[Site "Douglas"]
[Date "27.10.2018"]
[Round "8.51"]
[White "Ravi, Teja S."]
[Black "Sadhwani, Raunak"]
[Result "1-0"]
[WhiteTitle "IM"]
[BlackTitle "IM"]
[WhiteElo "2357"]
[BlackElo "2438"]
[WhiteFideId "5017220"]
[BlackFideId "35093487"]
[EventDate "2018.10.20"]

1. Nf3 d6 2. d4 g6 3. e4 Nf6 4. Nc3 Bg7 5. Be2 O-O 6. O-O Nc6 7. d5 Nb8 8. Re1
c6 9. a4 a5 10. h3 Na6 11. Be3 Nb4 12. Bf1 Bd7 13. Bd4 cxd5 14. Nxd5 Nfxd5 15.
Bxg7 Ne3 16. Rxe3 Kxg7 17. c3 Na6 18. e5 dxe5 19. Bxa6 Rxa6 20. Rd3 Rd6 21. Rxd6
exd6 22. Qxd6 f6 23. Rd1 Rf7 24. Qc5 Qa8 25. b3 Bc6 26. Ne1 Be4 27. c4 g5 28.
Qb6 Qa6 29. Qd8 Qa7 30. h4 gxh4 31. Qc8 Bg6 32. Rd8 e4 33. Rg8+ Kh6 34. Nc2 f5
35. Qd8 Kh5 36. Ne3 Qa6 37. Nd5 f4 38. Nb6 e3 39. fxe3 fxe3 40. Qd4 e2 41. Qe5+
Rf5 42. Qxe2+ Kg5 43. Qe3+ Kh5 44. Ra8 Qxa8 45. Nxa8 1-0

[Event "Isle of Man Open"]
[Site "Douglas"]
[Date "27.10.2018"]
[Round "8.52"]
[White "Dragnev, Valentin"]
[Black "Zhukova, Natalia"]
[Result "1-0"]
[WhiteTitle "GM"]
[BlackTitle "GM"]
[WhiteElo "2508"]
[BlackElo "2403"]
[WhiteFideId "1634852"]
[BlackFideId "14101513"]
[EventDate "2018.10.20"]

1. d4 Nf6 2. c4 c5 3. d5 b5 4. cxb5 a6 5. e3 g6 6. Nc3 Bg7 7. e4 O-O 8. a4 e6 9.
e5 Ne8 10. Nf3 d6 11. Bg5 f6 12. exf6 Nxf6 13. Bc4 e5 14. Nd2 Nbd7 15. bxa6 Bxa6
16. O-O Qb8 17. b3 Nb6 18. Bxa6 Rxa6 19. Bxf6 Bxf6 20. Qe2 Qb7 21. Rfd1 Nc8 22.
Nb5 Ne7 23. Nc7 Rb6 24. Ne6 Ra8 25. a5 Rba6 26. Ne4 Bg7 27. N6xc5 dxc5 28. Nxc5
Qa7 29. Qxa6 Qxa6 30. Nxa6 Rxa6 31. b4 e4 32. b5 Ra8 33. Ra4 1-0

[Event "Isle of Man Open"]
[Site "Douglas"]
[Date "27.10.2018"]
[Round "8.53"]
[White "Kobo, Ori"]
[Black "Wallace, John Paul"]
[Result "1-0"]
[WhiteTitle "GM"]
[BlackTitle "IM"]
[WhiteElo "2505"]
[BlackElo "2377"]
[WhiteFideId "2812320"]
[BlackFideId "3200957"]
[EventDate "2018.10.20"]

1. Nf3 Nf6 2. c4 g6 3. g3 Bg7 4. Bg2 O-O 5. Nc3 d6 6. d4 Nc6 7. O-O e5 8. dxe5
dxe5 9. Bg5 Be6 10. Qc1 Qc8 11. Rd1 Re8 12. b3 Bh3 13. Bxf6 Bxf6 14. Nd5 Bd8 15.
Bxh3 Qxh3 16. b4 e4 17. Qe3 Qe6 18. Nd2 Qe5 19. Nf1 Re6 20. Rab1 Bg5 21. Qb3
Rae8 22. Nfe3 h5 23. h4 Bd8 24. Nf4 Rd6 25. c5 Rxd1+ 26. Rxd1 Kf8 27. Rd7 Qf6
28. Nc4 Qf5 29. Rd5 Qf6 30. e3 b5 31. cxb6 axb6 32. Kg2 Be7 33. a3 Rd8 34. Rxd8+
Nxd8 35. Nd2 Qc6 36. Qd5 Qc3 37. Nxe4 Qxa3 38. Qe5 Ke8 39. Nf6+ Kf8 40. N6d5 1-0

[Event "Isle of Man Open"]
[Site "Douglas"]
[Date "27.10.2018"]
[Round "8.54"]
[White "Kolosowski, Mateusz"]
[Black "Rapport, Jovana"]
[Result "1/2-1/2"]
[WhiteTitle "IM"]
[BlackTitle "WGM"]
[WhiteElo "2448"]
[BlackElo "2350"]
[WhiteFideId "1129708"]
[BlackFideId "937266"]
[EventDate "2018.10.20"]

1. Nf3 Nf6 2. d4 e6 3. e3 b6 4. Bd3 Bb7 5. O-O c5 6. c4 Bxf3 7. Qxf3 Nc6 8. Nc3
cxd4 9. exd4 Nxd4 10. Qg3 Rc8 11. Be3 Nc6 12. Rad1 h5 13. Rfe1 h4 14. Qh3 Ne5
15. Bf1 Nxc4 16. Bg5 Be7 17. b3 Na5 18. Bb5 Nc6 19. Ba6 Rb8 20. Bf4 Kf8 21. Bxb8
Nxb8 22. Bb5 d5 23. Ne2 Bb4 24. Rf1 g6 25. Rd4 Be7 26. Rxh4 Nh5 27. Ra4 Kg8 28.
Qf3 a5 29. Rc1 Nd7 30. Bxd7 Qxd7 31. Rd4 Kg7 32. Rdd1 Nf6 33. Qc3 Bc5 34. Nd4 e5
35. Nf3 Bxf2+ 36. Kf1 Qb5+ 37. Rd3 e4 38. Kxf2 Qxd3 39. Qxd3 exd3 40. Ke3 Ng4+
41. Kf4 Nxh2 42. Nd2 Re8 43. Rc3 g5+ 44. Kxg5 Re3 45. a4 d4 46. Rc1 Re2 47. Rd1
Rxg2+ 48. Kf4 Kf6 49. Ke4 Ke6 50. Nc4 Rg4+ 51. Kxd3 Nf3 52. Rf1 Ne5+ 53. Nxe5
Kxe5 54. Rxf7 Rg3+ 55. Kc2 Rg2+ 56. Kd3 Rb2 57. Kc4 Rc2+ 58. Kb5 Rc5+ 59. Kxb6
Rd5 60. Rh7 Ke4 61. Kc6 Rg5 62. b4 axb4 63. Rb7 Kd3 64. Rxb4 Kc3 65. Rb1 Ra5 66.
Rc1+ Kb2 67. Rd1 Rxa4 68. Kd5 Kc2 69. Rxd4 Rxd4+ 70. Kxd4 1/2-1/2

[Event "Isle of Man Open"]
[Site "Douglas"]
[Date "27.10.2018"]
[Round "8.55"]
[White "Merry, Alan B"]
[Black "Mannion, Stephen R"]
[Result "1-0"]
[WhiteTitle "IM"]
[BlackTitle "IM"]
[WhiteElo "2435"]
[BlackElo "2289"]
[WhiteFideId "418811"]
[BlackFideId "2400111"]
[EventDate "2018.10.20"]

1. c4 Nf6 2. Nc3 c5 3. Nf3 b6 4. d4 cxd4 5. Nxd4 Bb7 6. f3 d6 7. e4 e6 8. Be3
Be7 9. Be2 a6 10. O-O Nbd7 11. Qe1 O-O 12. Qf2 Rc8 13. Rac1 Re8 14. Rfd1 Qc7 15.
b4 Qb8 16. a3 Bd8 17. Kh1 Bc7 18. Qg1 Qa8 19. Nb3 d5 20. exd5 exd5 21. c5 bxc5
22. Nxc5 Nxc5 23. Bxc5 Bf4 24. Rc2 Qb8 25. Bd3 Qe5 26. Ne2 Nh5 27. Nxf4 Nxf4 28.
Bf1 Qf5 29. Qf2 Rc6 30. Rcd2 Rce6 31. Bd4 h5 32. Rc1 g5 33. h4 gxh4 34. Qxh4 Ng6
35. Qf2 h4 36. Rdd1 Qf4 37. Bb2 Re3 38. Rd4 Qg3 39. Kg1 Re1 40. Rxe1 Rxe1 41.
Rg4 Qxf2+ 42. Kxf2 Rd1 43. Bf6 Rd2+ 44. Ke1 Ra2 45. f4 Kf8 46. f5 Bc8 47. Rd4
Ne7 48. Rxh4 Rxa3 49. g4 Ng8 50. Bd4 Rf3 51. Bg2 Rd3 52. Bc5+ Kg7 53. Ke2 Ra3
54. Bxd5 Bd7 55. Bd4+ f6 56. Bxg8 Kxg8 57. Bxf6 Bb5+ 58. Kf2 Kf7 59. Be5 Bc6 60.
Rh6 Kg8 1-0

[Event "Isle of Man Open"]
[Site "Douglas"]
[Date "27.10.2018"]
[Round "8.56"]
[White "Trent, Lawrence"]
[Black "Ladron De Guevara Pinto, Paolo"]
[Result "1/2-1/2"]
[WhiteTitle "IM"]
[BlackTitle "IM"]
[WhiteElo "2391"]
[BlackElo "2427"]
[WhiteFideId "408638"]
[BlackFideId "2290847"]
[EventDate "2018.10.20"]

1. f4 d5 2. Nf3 c5 3. g3 g6 4. Bg2 Bg7 5. d3 d4 6. e4 dxe3 7. Nc3 Nc6 8. Bxe3
Nd4 9. Ne4 Nxf3+ 10. Qxf3 Bxb2 11. Rb1 Bd4 12. c3 Bg7 13. O-O Nh6 14. Nxc5 O-O
15. d4 Qa5 16. Rfc1 Rb8 17. a4 Nf5 18. Bf2 Nd6 19. g4 Qc7 20. h3 a5 21. c4 b6
22. Nd3 Bb7 23. d5 Ba6 24. Ne5 Rb7 25. Bf1 Ra8 26. Nc6 e6 27. dxe6 fxe6 28. Nd4
Qf7 29. Nb5 Ne8 30. Rd1 Rc8 31. Rb3 Rbb8 32. Rbd3 Bb7 33. Qg3 Bc6 34. R3d2 Bf8
35. Bd4 Nf6 36. Qe3 1/2-1/2

[Event "Isle of Man Open"]
[Site "Douglas"]
[Date "27.10.2018"]
[Round "8.57"]
[White "Gaponenko, Inna"]
[Black "Paterek, Michal"]
[Result "1-0"]
[WhiteTitle "IM"]
[BlackTitle "FM"]
[WhiteElo "2409"]
[BlackElo "2311"]
[WhiteFideId "14101181"]
[BlackFideId "1116142"]
[EventDate "2018.10.20"]

1. e4 c6 2. d4 d5 3. e5 Bf5 4. Nf3 e6 5. Be2 Ne7 6. c3 h6 7. O-O Nd7 8. Na3 Qc7
9. Ne1 f6 10. Bh5+ g6 11. Be2 g5 12. Bh5+ Bg6 13. f4 O-O-O 14. Nac2 Bg7 15. Bxg6
Nxg6 16. g3 gxf4 17. Qg4 Ndf8 18. gxf4 h5 19. Qh3 Kb8 20. Ng2 Ka8 21. Nce3 h4
22. Nd1 Rd7 23. Nf2 Rf7 24. Bd2 Ne7 25. Ng4 Nfg6 26. N4e3 f5 27. b4 Qb6 28. a4
Qa6 29. Ne1 Bh6 30. N3g2 Rg7 31. Rf2 Rhg8 32. Nd3 b6 33. Kh1 Nf8 34. b5 cxb5 35.
Nb4 Qc8 36. axb5 Qc4 37. Qd3 h3 38. Qxh3 Rh7 39. Qd3 Qc8 40. Be1 Neg6 41. Nc6
Rc7 42. Qh3 Ne7 43. Nxa7 Rxa7 44. Rxa7+ Kxa7 45. Qxh6 Nfg6 46. Qh5 Kb7 47. Ra2
Rh8 48. Qe2 Rh3 49. Kg1 Qd7 50. Bg3 Nc8 51. c4 dxc4 52. Qxc4 Nge7 53. Qa4 Kc7
54. Ne3 Kd8 55. Qc4 Ke8 56. Rd2 Na7 57. d5 Nxb5 58. Rb2 Nc7 59. dxe6 Nxe6 60.
Rxb6 Kf7 61. Rd6 Qc8 62. Qxc8 Nxc8 63. Rd7+ Ke8 64. Rb7 Ne7 65. Kg2 Rh5 66. Ra7
Kf8 67. Kf2 Rh3 68. Ng2 Ng6 69. Ra4 Nc5 70. Ra8+ Kf7 71. Ne1 Ke6 72. Nf3 Ne4+
73. Kg2 Rh5 74. Ra6+ Kf7 75. Nd4 Ne7 76. Ra7 Ke8 77. Ne6 Kf7 78. Nd4 Ke8 79. Kf3
Nd2+ 80. Ke2 Ne4 81. Kd3 Nc5+ 82. Ke3 Rh3 83. Kf3 Rh5 84. h4 Ne4 85. Be1 Ng6 86.
Ne6 Nxh4+ 87. Bxh4 Rxh4 88. Ng7+ Kd8 89. Nxf5 Nd2+ 90. Kg3 Rh1 91. e6 Ne4+ 92.
Kg2 Re1 93. e7+ Ke8 94. Ng7+ 1-0

[Event "Isle of Man Open"]
[Site "Douglas"]
[Date "27.10.2018"]
[Round "8.58"]
[White "Bellin, Robert"]
[Black "Arjun, Kalyan"]
[Result "0-1"]
[WhiteTitle "IM"]
[WhiteElo "2326"]
[BlackElo "2408"]
[WhiteFideId "400343"]
[BlackFideId "35018701"]
[EventDate "2018.10.20"]

1. e4 e5 2. Nf3 Nc6 3. Bb5 a6 4. Ba4 Nf6 5. O-O Be7 6. Re1 b5 7. Bb3 d6 8. c3
O-O 9. h3 Nb8 10. d4 Nbd7 11. Nbd2 Bb7 12. Bc2 Re8 13. Nf1 Bf8 14. Bg5 h6 15.
Bh4 g6 16. a4 Bg7 17. d5 Qb8 18. b3 c6 19. c4 bxc4 20. bxc4 a5 21. N3d2 Nc5 22.
Qf3 Nfd7 23. Ne3 cxd5 24. cxd5 Ba6 25. Nec4 Qc7 26. Qc3 Nb7 27. Rec1 Rab8 28.
Bd3 Nbc5 29. Nb2 Qa7 30. Bb5 Bxb5 31. axb5 Rxb5 32. Nbc4 Nb7 33. Qa3 Ndc5 34.
Rcb1 Rxb1+ 35. Rxb1 Bf8 36. Rb6 Nd7 37. Rb5 a4 38. Qb4 Nbc5 39. Ra5 Qc7 40. Qb5
Qb8 41. Na3 Qxb5 42. Rxb5 g5 43. Bg3 f5 44. exf5 Nf6 45. f3 Nxd5 46. Ne4 Nxe4
47. fxe4 Nc3 0-1

[Event "Isle of Man Open"]
[Site "Douglas"]
[Date "27.10.2018"]
[Round "8.59"]
[White "Soumya, Swaminathan"]
[Black "Janzelj, Lara"]
[Result "1-0"]
[WhiteTitle "WGM"]
[BlackTitle "WFM"]
[WhiteElo "2423"]
[BlackElo "2244"]
[WhiteFideId "5016193"]
[BlackFideId "14608391"]
[EventDate "2018.10.20"]

1. e4 e5 2. Nf3 Nc6 3. d4 exd4 4. Nxd4 Nf6 5. Nxc6 bxc6 6. e5 Qe7 7. Qe2 Nd5 8.
c4 Nb6 9. Nc3 Qe6 10. Bd2 Ba6 11. b3 Bb7 12. f4 Be7 13. h4 c5 14. Rh3 h5 15. a4
a6 16. O-O-O Qg4 17. Qf2 d6 18. exd6 cxd6 19. Re1 Kf8 20. a5 Nd7 21. Bd3 Re8 22.
Nd5 Bxd5 23. cxd5 Nf6 24. Bxa6 Nxd5 25. Bb5 Rc8 26. Bc4 Nb4 27. Bxb4 cxb4 28.
Qa7 Re8 29. Rhe3 d5 30. Rxe7 Qxf4+ 31. Kb1 Qf5+ 32. Kb2 Qf6+ 33. Ka2 Rd8 34.
Bxd5 1-0